banner-ar

مريم التجلى الاخير / (Record no. 60218)

MARC details
000 -الفاتح
حقل البيانات ثابتة الطول 00506nam a22001697a 4500
005 - وقت وتاريخ اخر تعامل مع التسجيلة
رقم الضبط 20240530110359.0
008 - عناصر البيانات ثابتة الطول - معلومات عامة
حقل البيانات ثابتة الطول 150117s2010 ua g 000 f ara d
017 ## - رقم الايداع القانونى
رقم الايداع القانونى 2010/24588
المصدر ( الهيئة المختصة) مصر . دار الكتب المصرية
040 ## - مصدر الفهرسة
وكالة الفهرسة الأصلية EG-CaGPL
041 0# - رمز اللغة
رمز لغة النص/ المسارات الصوتية أو العنوان الانفرادي ara
082 04 - رقم تصنيف ديوى العشرى
رقم الطبعة 21
رقم التصنيف 813.03\
رقم المادة إ م
100 0# - المدخل الرئيسى - إسم شخصى
الإسم الشخصى ابراهيم عيسى
245 10 - بيان العنوان
العنوان مريم التجلى الاخير /
بيان المسئوليه,etc ابراهيم عيسى
300 ## - الوصف المادى
التعداد 251 ص ؛
أبعاد الوعاء 20 سم
650 04 - المدخل الاضافى بالموضوع-مصطلح موضوعى
مصطلح موضوعي القصص العربية
942 ## - عناصر المدخل الإضافي( كوها)
مصدر التصنيف او مخطط الترفيف Dewey Decimal Classification
Koha [default] item type كتاب
Holdings
حالة التراجع حالة الفقد حالة تلف ليس للاعارة المكان المؤقت الموقع الحالى تاريخ الاكتساب اجمالي اﻻعارات رقم الطلب الباركود تاريخ اخر مشاهدة تاريخ تفعيل السعر نوع وعاء كوها
        مكتبة القاهرة الكبرى مكتبة القاهرة الكبرى 01/17/2015   813.03\ إ م 159223 01/17/2015 01/17/2015 كتاب

Powered By

EGPV